| 000 | 00759nam a22002057a 4500 | ||
|---|---|---|---|
| 003 | OSt | ||
| 005 | 20220922143514.0 | ||
| 008 | 220922b |||||||| |||| 00| 0 eng d | ||
| 040 | _cBiblioteca Lado V | ||
| 082 |
_a779.942 _bC397g |
||
| 110 |
_98 _aCentro de Investigaciones Regionales de Mesoamerica |
||
| 245 |
_aGuatemala Ante la Lente/ _bImagenes de la fototeca de CIRMA 1870-1997/ |
||
| 260 |
_aGuatemala _bCIRMA _c1999 |
||
| 300 |
_a68p. _c25.5x25.5cm |
||
| 650 |
_2Tesauro de Arte & Arquitectura _aFOTOGRAFIA |
||
| 650 |
_2Tesauro de Arte & Arquitectura _aPERSONAS |
||
| 650 |
_2Tesauro de Arte & Arquitectura _aCULTURA |
||
| 650 |
_2Tesauro de Arte & Arquitectura _aARTE |
||
| 942 |
_2ddc _c1 _esegunda edicion _h779.942 _iC397g _n0 |
||
| 999 |
_c2103 _d2103 |
||